| 000 | 00620nam a2200193Ia 4500 | ||
|---|---|---|---|
| 008 | 131103s9999 xx 000 0 und d | ||
| 020 |
_a822320916 _cRs 595 |
||
| 040 | _aLoreto College | ||
| 041 | _aEnglish | ||
| 082 |
_a821.709/PFA _bLCLIB/45934 |
||
| 245 |
_aLessons of Romanticism _b A critical companion _cEdited by Thomas Pfau and Robert F. Gleckner |
||
| 260 |
_aDurham and London _bDuke University Press _c1998 |
||
| 300 |
_avii,475p _c 24 cm |
||
| 504 | _aIncludes bibliographical references and index | ||
| 650 | _aRomanticism | ||
| 700 | _aPfau, Thomas, ed | ||
| 850 | _aLCLIB/821.709/PFA | ||
| 942 | _cBK | ||
| 999 |
_c17723 _d68202 |
||